La nueva pobreza urbana: dinámica global, regional y argentina en las últimas dos décadas /

El artículo analiza distintas dimensiones de la "nueva pobreza" en las décadas de 1980 y 1990. Presenta en primer lugar las variadas definiciones de dicha categoría en Europa, Estados Unidos y distintos países de América Latina. Se centra luego en Argentina, haciendo referencia al proceso...

ver descrição completa

Na minha lista:
Detalhes bibliográficos
Autor principal: Kessler, Gabriel
Outros Autores: Di Virgilio, María Mercedes
Formato: Texto
Assuntos:
Tags: Adicionar Tag
Sem tags, seja o primeiro a adicionar uma tag!

MARC

LEADER 00000 a a2200000 04500
001 16032
003
040
100 |a Kessler, Gabriel  
245 |a La nueva pobreza urbana:   |b dinámica global, regional y argentina en las últimas dos décadas /  |c Gabriel Kessler 
520 |a El artículo analiza distintas dimensiones de la "nueva pobreza" en las décadas de 1980 y 1990. Presenta en primer lugar las variadas definiciones de dicha categoría en Europa, Estados Unidos y distintos países de América Latina. Se centra luego en Argentina, haciendo referencia al proceso de pauperización sufrido por parte de la clase media de ese país en diversos momentos entre mediados de los años 1970 hasta la crisis del 2001. en una constante comparación con la pobreza estructural, de más larga data, el articulo caracteriza las particularidades de la experiencia de empobrecimiento, las estrategias adaptativas del grupo mediante la utilización del capital cultural y social, así como la erosión de su identidad social y la dimensión urbana de la pauperización. El trabajo concluye con las transformaciones acaecida sen el grupo desde su inicial caracterización hasta el presente y los problemas específicos que plantea a las políticas públicas  
650 |a POBREZA  
650 |a CRISIS ECONOMICA  
650 |a POLITICA SOCIAL  
650 |a HISTORIA  
650 |a AMERICA LATINA  
700 |a Di Virgilio, María Mercedes  
773 |g número 95; páginas 31-50  
999 |c 28350  |d 28350